De vlek, (Record no. 5643)

MARC details
000 -LEADER
fixed length control field 00575cam a22002051 4500
001 - CONTROL NUMBER
control field af 48003542
003 - CONTROL NUMBER IDENTIFIER
control field DLC
005 - DATE AND TIME OF LATEST TRANSACTION
control field 20260227110903.0
008 - FIXED-LENGTH DATA ELEMENTS--GENERAL INFORMATION
fixed length control field 890422s1946 ne 000 1 dut c
010 ## - LIBRARY OF CONGRESS CONTROL NUMBER
LC control number af 48003542
035 ## - SYSTEM CONTROL NUMBER
System control number (OCoLC)19584674
040 ## - CATALOGING SOURCE
Original cataloging agency California. Univ. Libr.
Transcribing agency CU
Modifying agency DLC
042 ## - AUTHENTICATION CODE
Authentication code premarc
050 00 - LIBRARY OF CONGRESS CALL NUMBER
Classification number PT5844.J33
Item number V5
100 1# - MAIN ENTRY--PERSONAL NAME
Personal name Jacobs, Jan W.,
Dates associated with a name 1895-
245 13 - TITLE STATEMENT
Title De vlek,
Remainder of title een novelle.
260 ## - PUBLICATION, DISTRIBUTION, ETC.
Place of publication, distribution, etc. Amsterdam,
Name of publisher, distributor, etc. Blauwe Lucht,
Date of publication, distribution, etc. 1946.
300 ## - PHYSICAL DESCRIPTION
Extent 47 p.
Dimensions 17 cm.
651 #0 - SUBJECT ADDED ENTRY--GEOGRAPHIC NAME
Geographic name Netherlands
General subdivision History
Chronological subdivision German occupation, 1940-1945
Form subdivision Fiction.

No items available.

Powered by Koha